00576nam a22001577a 4500003000400000082001800004100002100022245012900043260004500172300000800217650002800225653002800253942001200281952010800293999001700401SGT a617.601bO23T aTaneja, Pratibha aOral Health status and covariates of quitting smoking and their relationship with stress among indian adults and adolescents aGurugram, HaryanabSGT University c2023 a157 aPublic Health Dentistry aPublic Health Dentistry 2ddccTH 00102ddc4071aFDbFDd2024-01-23iSGTUl0o617.601 O23TpDT1779r2024-01-23 00:00:00w2024-01-23yTH c25626d25626